[Event "VIII Festival Hotel Petra B"]
[Site "Roma ITA"]
[Date "2007.11.01"]
[Round "5"]
[White "Magini, Luca"]
[Black "Arabito, Giuseppe"]
[Result "0-1"]
[WhiteElo "1600"]
[BlackElo "1933"]
[PlyCount "80"]
[EventDate "2007.10.29"]

1. e4 e5 2. Nf3 Nc6 3. Bb5 a6 4. Ba4 Nf6 5. O-O b5 6. Bb3 Be7 7. Re1 O-O 8. c3
d6 9. h3 Bb7 10. d4 Re8 11. a4 Bf8 12. Nbd2 exd4 13. cxd4 Na5 14. Ba2 c5 15. e5
dxe5 16. dxe5 Nd5 17. Ne4 c4 18. Bd2 Nc6 19. Ng3 Ncb4 20. Bb1 Be7 21. Nf5 Bf8
22. N3d4 Nc6 23. Qg4 Kh8 24. Nf3 Nce7 25. Nd6 Qc7 26. Qh4 Ng6 27. Bxg6 fxg6 28.
Ng5 h6 29. Nxe8 Rxe8 30. e6 Kg8 31. Nf3 Bd6 32. Qg4 Kh7 33. Nh4 Ne7 34. Qd4 Nf5
35. Nxf5 gxf5 36. Rad1 Qc6 37. Re4 Qxe4 38. Qxe4 Bxe4 39. Bxh6 Rxe6 40. Be3 Be5
0-1

[Event "VIII Festival Hotel Petra B"]
[Site "Roma ITA"]
[Date "2007.11.02"]
[Round "6"]
[White "Arabito, Giuseppe"]
[Black "Bernardini, Luca"]
[Result "1/2-1/2"]
[WhiteElo "1933"]
[BlackElo "1883"]
[PlyCount "100"]
[EventDate "2007.10.29"]

1. e4 e5 2. Nf3 Nf6 3. d3 Nc6 4. c3 d5 5. Nbd2 Be7 6. Be2 O-O 7. O-O b6 8. Qc2
Ne8 9. Re1 Be6 10. Bf1 d4 11. Nc4 Bf6 12. a4 a6 13. Bd2 Kh8 14. cxd4 Nxd4 15.
Nxd4 Qxd4 16. Bc3 Qc5 17. b4 Qc6 18. Rec1 Bxc4 19. dxc4 Nd6 20. Qb2 Nxe4 21.
Bxe5 Bxe5 22. Qxe5 Rae8 23. Qf4 Qb7 24. Bd3 Nf6 25. Re1 c5 26. bxc5 bxc5 27.
Reb1 Qd7 28. Rd1 Qc6 29. a5 Rd8 30. Be2 Qe4 31. Qxe4 Nxe4 32. Bf3 Nd2 33. Bd5
Nb3 34. Ra3 Nd4 35. Kf1 Rb8 36. Raa1 g6 37. g3 f5 38. Kg2 Rb2 39. Rdb1 Rfb8 40.
Rxb2 Rxb2 41. Re1 Ra2 42. Re8+ Kg7 43. Ra8 Rxa5 44. Bb7 Kf6 45. Rxa6+ Rxa6 46.
Bxa6 Ke5 47. f4+ Ke4 48. Bb7+ Kd3 49. Bd5 Nc2 50. Kf3 h6 1/2-1/2

[Event "VIII Festival Hotel Petra B"]
[Site "Roma ITA"]
[Date "2007.11.03"]
[Round "7"]
[White "Tudorache, Marian"]
[Black "Arabito, Giuseppe"]
[Result "0-1"]
[WhiteElo "2054"]
[BlackElo "1933"]
[PlyCount "82"]
[EventDate "2007.10.29"]

1. Nf3 Nf6 2. b3 g6 3. Bb2 Bg7 4. g3 d6 5. d4 O-O 6. Bg2 Nbd7 7. O-O c6 8. c4
Qc7 9. Qc2 e5 10. e4 Re8 11. Nbd2 a5 12. a4 exd4 13. Nxd4 Nc5 14. h3 Qb6 15.
Rfe1 Bd7 16. Rad1 Rad8 17. Nb1 Bc8 18. Re3 Re7 19. Kh2 Rde8 20. Nd2 Na6 21. Nf1
Nb4 22. Qb1 Qc7 23. f4 d5 24. e5 Ne4 25. cxd5 cxd5 26. Nb5 Qb6 27. Bd4 Qe6 28.
Nc7 Rxc7 29. g4 Qc6 30. Re2 f5 31. exf6 Bxf6 32. Bxe4 dxe4 33. Ng3 Bxd4 34.
Rxd4 Rce7 35. Nxe4 Qb6 36. Rd6 Qc7 37. Nf6+ Kf7 38. Nxe8 Rxe2+ 39. Kg3 Rxe8 40.
Qd1 Re3+ 41. Kh4 Qe7+ 0-1

[Event "Memorial Gianfranco Molinari"]
[Site "Milano ITA"]
[Date "2007.11.04"]
[Round "5"]
[White "Casale, Anania"]
[Black "D'Angelo, Dino"]
[Result "0-1"]
[WhiteElo "1711"]
[BlackElo "1398"]
[PlyCount "74"]
[EventDate "2007.11.01"]

1. c4 Nf6 2. Nc3 e6 3. g3 d5 4. cxd5 exd5 5. d4 c6 6. Bg2 Bd6 7. Nf3 O-O 8. O-O
Re8 9. Qc2 Nbd7 10. a3 b6 11. b4 Bb7 12. Re1 Rc8 13. Qd3 c5 14. bxc5 bxc5 15.
dxc5 Nxc5 16. Qb1 Rb8 17. Qa2 Nce4 18. Nxe4 dxe4 19. Ng5 Bd5 20. Qc2 h6 21. Nh3
Rc8 22. Qa4 Qc7 23. Bf4 Bxf4 24. Nxf4 e3 25. Nxd5 exf2+ 26. Kxf2 Qc5+ 27. e3
Nxd5 28. Bxd5 Qxd5 29. Red1 Qf5+ 30. Ke2 Rc2+ 31. Rd2 Rxd2+ 32. Kxd2 Qf2+ 33.
Kc1 Qxe3+ 34. Kc2 Rc8+ 35. Kb2 Qd2+ 36. Kb3 Qc2+ 37. Kb4 Rc4+ 0-1

[Event "XXVI Open Citta' di Cologno"]
[Site "Cologno Monzese ITA"]
[Date "2007.09.14"]
[Round "1"]
[White "Cani, Gazmir"]
[Black "Borgni, Cristiano"]
[Result "1/2-1/2"]
[WhiteElo "1452"]
[BlackElo "1817"]
[PlyCount "102"]
[EventDate "2007.09.14"]

1. e4 c5 2. Nf3 Nc6 3. d4 cxd4 4. Nxd4 d6 5. c4 e5 6. Nxc6 bxc6 7. Nc3 Be7 8.
Be2 Nf6 9. Be3 O-O 10. g4 Ne8 11. Qd2 Be6 12. Rg1 Qd7 13. g5 f5 14. gxf6 Bxf6
15. Bg5 Kh8 16. h4 Qf7 17. Bxf6 Qxf6 18. O-O-O Qf4 19. f3 Rd8 20. Qxf4 Rxf4 21.
h5 Nf6 22. Rg5 h6 23. Rxe5 dxe5 24. Rxd8+ Kh7 25. Rd6 Bd7 26. Na4 Rh4 27. Nc5
Be8 28. Ne6 Rxh5 29. c5 Rh1+ 30. Kd2 Rb1 31. Kc2 Re1 32. Bc4 Re3 33. Rd3 Re2+
34. Rd2 Rxd2+ 35. Kxd2 g5 36. a4 g4 37. fxg4 Nxe4+ 38. Ke3 Nf6 39. Bd3+ Kg8 40.
g5 hxg5 41. Nxg5 Nd5+ 42. Kd2 Kg7 43. Ne4 Bg6 44. Nc3 Nb4 45. Bxg6 Kxg6 46. Ne4
Kf5 47. Nd6+ Ke6 48. Kc3 Nd5+ 49. Kc4 Ne3+ 50. Kd3 Nd5 51. a5 a6 1/2-1/2

[Event "XXVI Open Citta' di Cologno"]
[Site "Cologno Monzese ITA"]
[Date "2007.09.14"]
[Round "1"]
[White "Cartella, Giovanni"]
[Black "Galli, Giuliano"]
[Result "1-0"]
[WhiteElo "1868"]
[BlackElo "1463"]
[PlyCount "41"]
[EventDate "2007.09.14"]

1. d4 d5 2. Nf3 Nf6 3. Bg5 Nbd7 4. e3 h6 5. Bf4 e6 6. Bd3 Be7 7. Nbd2 c5 8. c3
O-O 9. Ne5 c4 10. Bb1 b5 11. g4 Bb7 12. g5 hxg5 13. Bxg5 Re8 14. Rg1 Nf8 15.
Bh6 g6 16. Qf3 Bd6 17. Bg5 Be7 18. h4 Kg7 19. h5 N8h7 20. hxg6 fxg6 21. Bh6+
1-0

[Event "XXVI Open Citta' di Cologno"]
[Site "Cologno Monzese ITA"]
[Date "2007.09.14"]
[Round "1"]
[White "Faccio, Fabio"]
[Black "Merlini, Luigi"]
[Result "1/2-1/2"]
[WhiteElo "1951"]
[BlackElo "1486"]
[PlyCount "58"]
[EventDate "2007.09.14"]

1. e4 e5 2. Nf3 Nc6 3. Bb5 a6 4. Ba4 Nf6 5. O-O Be7 6. Re1 O-O 7. c3 b5 8. Bb3
d6 9. h3 h6 10. d4 Re8 11. Nbd2 Bf8 12. Nf1 exd4 13. Nxd4 Na5 14. Bc2 Bb7 15.
Ng3 g6 16. f4 Nc4 17. b3 Nb6 18. Bb2 c5 19. Nf3 Nbd7 20. Qd3 c4 21. Qd4 d5 22.
b4 Rc8 23. e5 Nh7 24. a4 Qb6 25. axb5 axb5 26. Ra7 Bc5 27. bxc5 Qxa7 28. Ra1
Qxc5 29. Ra7 Qxd4+ 1/2-1/2

[Event "XXVI Open Citta' di Cologno"]
[Site "Cologno Monzese ITA"]
[Date "2007.09.14"]
[Round "1"]
[White "Gara', Giovanni"]
[Black "Casartelli, Fabio"]
[Result "0-1"]
[WhiteElo "1467"]
[BlackElo "1916"]
[PlyCount "118"]
[EventDate "2007.09.14"]

1. d4 e6 2. c4 d5 3. Nc3 Nf6 4. Bg5 Be7 5. e3 O-O 6. Nf3 c6 7. Bd3 Na6 8. a3
dxc4 9. Bxc4 b5 10. Bd3 b4 11. axb4 Nxb4 12. Bc4 c5 13. O-O cxd4 14. Nxd4 Bb7
15. Qb3 Nfd5 16. Bxe7 Qxe7 17. Nxd5 Nxd5 18. Rfc1 Rfb8 19. Qd1 Qg5 20. Nf3 Qf6
21. Qd4 a5 22. Qxf6 gxf6 23. b3 Rc8 24. Nd4 Kf8 25. h3 Ke7 26. Bxd5 Rxc1+ 27.
Rxc1 Bxd5 28. Rc7+ Kd6 29. Rxf7 Rg8 30. g4 h5 31. Rxf6 hxg4 32. hxg4 Rxg4+ 33.
Kh2 Ke7 34. Rh6 Rg2+ 35. Kh3 Rxf2 36. Rh7+ Kf6 37. Ra7 Ra2 38. Kg3 Ke5 39. Ra6
Ke4 40. Nxe6 Kxe3 41. Nc5 Kd4 42. Ne6+ Kc3 43. Nc5 Bxb3 44. Nxb3 Kxb3 45. Rb6+
Ka3 46. Kf3 Rb2 47. Re6 a4 48. Ke3 Ka2 49. Kd3 a3 50. Kc3 Rh2 51. Rb6 Ka1 52.
Ra6 a2 53. Rb6 Rh1 54. Kc2 Rh8 55. Rg6 Rc8+ 56. Kb3 Rb8+ 57. Kc2 Rc8+ 58. Kb3
Rc1 59. Rf6 Kb1 0-1

[Event "XXVI Open Citta' di Cologno"]
[Site "Cologno Monzese ITA"]
[Date "2007.09.14"]
[Round "1"]
[White "Mandelli, Fabio"]
[Black "Bernago, Federico"]
[Result "1/2-1/2"]
[WhiteElo "1543"]
[BlackElo "1994"]
[PlyCount "58"]
[EventDate "2007.09.14"]

1. c4 e5 2. Nc3 Nc6 3. g3 g6 4. Bg2 Bg7 5. d3 d6 6. Nf3 Nf6 7. Rb1 a5 8. Bd2
O-O 9. O-O h6 10. a3 Be6 11. b4 axb4 12. axb4 Qd7 13. Qc1 Kh7 14. Rd1 Nh5 15.
Nd5 Ne7 16. e4 Rab8 17. Nh4 c6 18. Ne3 d5 19. b5 d4 20. bxc6 bxc6 21. Nf1 f5
22. Rxb8 Rxb8 23. exf5 gxf5 24. Re1 Ng8 25. g4 Qe7 26. Nxf5 Bxf5 27. gxf5 Qf6
28. Ng3 Nxg3 29. hxg3 Kh8 1/2-1/2

[Event "XXVI Open Citta' di Cologno"]
[Site "Cologno Monzese ITA"]
[Date "2007.09.21"]
[Round "2"]
[White "Bernago, Federico"]
[Black "Montagner, Enzo"]
[Result "1-0"]
[WhiteElo "1994"]
[BlackElo "1438"]
[PlyCount "123"]
[EventDate "2007.09.14"]

1. e4 c5 2. Nf3 Nc6 3. d3 e6 4. g3 h6 5. Bg2 b6 6. c3 Bb7 7. O-O Bd6 8. Re1
Nge7 9. d4 cxd4 10. cxd4 O-O 11. Nc3 Bb4 12. Bd2 Re8 13. a3 Bxc3 14. Bxc3 d6
15. b4 a6 16. Rc1 Rc8 17. Qb3 Rc7 18. d5 exd5 19. exd5 Na7 20. Nd4 Qa8 21. Rxe7
Rcxe7 22. Nf5 Nb5 23. a4 Nxc3 24. Qxc3 Re5 25. Nxd6 R8e7 26. Nxb7 Qe8 27. h3
Rxb7 28. d6 Rb8 29. d7 Qxd7 30. Qxe5 Re8 31. Qd5 Qxa4 32. Qc6 Qxc6 33. Rxc6 Rb8
34. Rc7 a5 35. b5 f6 36. Bd5+ Kh7 37. Rb7 Rxb7 38. Bxb7 Kg6 39. Kf1 Kf5 40. Ke2
a4 41. Kd3 Ke5 42. Kc3 a3 43. Kb3 a2 44. Kxa2 Kd4 45. Kb3 Kd3 46. Bf3 Kd2 47.
Kc4 Ke1 48. Be4 Kxf2 49. g4 Kg3 50. Kd5 Kxh3 51. Bf5 Kh4 52. Kc6 Kg5 53. Kxb6
h5 54. gxh5 Kxf5 55. Kc6 Kg5 56. b6 Kxh5 57. b7 g5 58. b8=Q f5 59. Kd5 Kg4 60.
Qh2 f4 61. Ke4 f3 62. Ke3 1-0

[Event "XXVI Open Citta' di Cologno"]
[Site "Cologno Monzese ITA"]
[Date "2007.09.21"]
[Round "2"]
[White "Borgni, Cristiano"]
[Black "Mandelli, Fabio"]
[Result "1-0"]
[WhiteElo "1817"]
[BlackElo "1543"]
[PlyCount "95"]
[EventDate "2007.09.14"]

1. e4 c6 2. c4 d5 3. cxd5 cxd5 4. exd5 Nf6 5. Bb5+ Bd7 6. Qb3 a6 7. Bxd7+ Qxd7
8. Nc3 Qc7 9. d4 Nbd7 10. Nge2 b5 11. Bf4 Qb7 12. h3 Nb6 13. O-O Nfxd5 14. Nxd5
Qxd5 15. Nc3 Qxb3 16. axb3 b4 17. Ne4 e6 18. Ra5 Nd5 19. Bg3 Kd7 20. Rfa1 Be7
21. Rxa6 Rxa6 22. Rxa6 Rc8 23. Ra7+ Kc6 24. Nd2 Kb6 25. Ra2 g5 26. Nc4+ Kb7 27.
Bd6 Ra8 28. Ra4 Rxa4 29. bxa4 Bd8 30. b3 Bb6 31. Nxb6 Kxb6 32. Kf1 Kc6 33. Bf8
h5 34. g3 f5 35. Bh6 g4 36. hxg4 hxg4 37. Bd2 Kb6 38. Ke2 Ka5 39. Kd3 Nf6 40.
Kc4 Nd5 41. Be1 Nb6+ 42. Kc5 Nd5 43. Kd6 f4 44. Kxe6 fxg3 45. fxg3 Nc3 46. d5
Ne4 47. d6 Nc5+ 48. Kd5 1-0

[Event "XXVI Open Citta' di Cologno"]
[Site "Cologno Monzese ITA"]
[Date "2007.09.21"]
[Round "2"]
[White "Fornari, Sergio"]
[Black "Gara', Giovanni"]
[Result "0-1"]
[WhiteElo "1418"]
[BlackElo "1467"]
[PlyCount "132"]
[EventDate "2007.09.14"]

1. d4 d5 2. Nf3 Nf6 3. Nbd2 e6 4. e3 Be7 5. Bd3 O-O 6. O-O b6 7. Qe2 Nbd7 8. c3
Bb7 9. Re1 Ne4 10. Bc2 Bd6 11. Nxe4 dxe4 12. Nd2 f5 13. f4 exf3 14. Nxf3 e5 15.
e4 f4 16. dxe5 Nxe5 17. Nxe5 Bxe5 18. Rf1 a5 19. Qg4 Qd6 20. Rf2 Rf6 21. Bd2
Raf8 22. Rd1 Qe7 23. Be1 Bd6 24. Qf3 Bc5 25. a3 Bxf2+ 26. Bxf2 Rg6 27. Bb3+ Kh8
28. Bd5 Bxd5 29. exd5 Rd6 30. c4 Qd7 31. c5 Rdf6 32. c6 Qd6 33. Re1 Rf5 34. Rd1
Rd8 35. Bh4 g5 36. Be1 Rxd5 37. Bc3+ Kg8 38. Re1 Qxc6 39. Qg4 h6 40. h4 Qg6 41.
h5 Qf5 42. Qe2 Rd3 43. Qe7 Qc5+ 44. Qxc5 bxc5 45. Re7 R8d7 46. Re8+ Kf7 47. Rh8
R7d6 48. Rh7+ Ke8 49. Rxc7 f3 50. gxf3 Rxf3 51. Rxc5 a4 52. Re5+ Kd7 53. Ra5
Rg3+ 54. Kh2 Rg4 55. Ra7+ Ke6 56. Kh3 Re4 57. Kg3 Rd3+ 58. Kf2 Kf5 59. Rh7 g4
60. Rf7+ Kg5 61. Bg7 Kxh5 62. Bc3 Kg5 63. Rg7+ Kh5 64. Rg8 Kh4 65. Kg1 Re2 66.
Rg6 Rd1+ 0-1

[Event "XXVI Open Citta' di Cologno"]
[Site "Cologno Monzese ITA"]
[Date "2007.09.21"]
[Round "2"]
[White "Galli, Giuliano"]
[Black "Borgni, Fiorenzo"]
[Result "1/2-1/2"]
[WhiteElo "1463"]
[BlackElo "1700"]
[PlyCount "78"]
[EventDate "2007.09.14"]

1. e4 e5 2. Nf3 Nf6 3. Nxe5 d6 4. Nf3 Nxe4 5. d4 d5 6. Be2 Bd6 7. O-O Bg4 8. c3
Nd7 9. Nbd2 O-O 10. Nxe4 dxe4 11. Nd2 Qh4 12. g3 Bxe2 13. Qxe2 Qe7 14. Qxe4
Qxe4 15. Nxe4 Rfe8 16. Nxd6 cxd6 17. Be3 d5 18. Rfe1 Nb6 19. Re2 Re6 20. Rae1
Rae8 21. Kf1 a5 22. Bc1 a4 23. Rxe6 fxe6 24. b3 h5 25. h4 Kf7 26. Re3 Kg6 27.
Re5 axb3 28. axb3 Nd7 29. Rg5+ Kf7 30. Rxh5 Nf6 31. Re5 Ne4 32. Kg2 Nxc3 33.
Re1 b5 34. f3 b4 35. Kh3 Rc8 36. Bd2 Na2 37. Bf4 Rc2 38. h5 Rc3 39. Ra1 Rc2
1/2-1/2

[Event "XXVI Open Citta' di Cologno"]
[Site "Cologno Monzese ITA"]
[Date "2007.09.21"]
[Round "2"]
[White "Merlini, Luigi"]
[Black "Cani, Gazmir"]
[Result "0-1"]
[WhiteElo "1486"]
[BlackElo "1452"]
[PlyCount "48"]
[EventDate "2007.09.14"]

1. e4 c6 2. d4 d5 3. exd5 cxd5 4. Nf3 Nc6 5. Be2 g6 6. O-O Bg7 7. Be3 Nf6 8. h3
Qc7 9. c3 h5 10. h4 Ng4 11. Nbd2 e5 12. g3 Nxe3 13. fxe3 e4 14. Ne1 Qxg3+ 15.
Ng2 Bh3 16. Rf2 Bxg2 17. Rxg2 Qxe3+ 18. Kh2 Bh6 19. Nf1 Bf4+ 20. Ng3 Ne7 21.
Qe1 Nf5 22. Bb5+ Kf8 23. Qxe3 Nxe3 24. Rf2 Ng4+ 0-1

[Event "XXVI Open Citta' di Cologno"]
[Site "Cologno Monzese ITA"]
[Date "2007.09.21"]
[Round "2"]
[White "Petetta, Roberto"]
[Black "Faccio, Fabio"]
[Result "0-1"]
[WhiteElo "1685"]
[BlackElo "1951"]
[PlyCount "52"]
[EventDate "2007.09.14"]

1. e4 c5 2. Nf3 d6 3. d4 cxd4 4. Nxd4 Nf6 5. Nc3 a6 6. f3 e5 7. Nb3 Be6 8. Nd5
Nxd5 9. exd5 Bf5 10. Be3 Bg6 11. Bd3 Nd7 12. Bxg6 hxg6 13. Qd2 Be7 14. O-O-O a5
15. Qf2 a4 16. Nd2 a3 17. b3 Qc7 18. c4 b5 19. Kb1 f5 20. g3 Bf6 21. cxb5 Qc3
22. Nc4 e4 23. fxe4 Qa1+ 24. Kc2 Qxa2+ 25. Kd3 Qxb3+ 26. Kd2 Qxc4 0-1

[Event "XXVI Open Citta' di Cologno"]
[Site "Cologno Monzese ITA"]
[Date "2007.09.28"]
[Round "3"]
[White "Borgni, Fiorenzo"]
[Black "Merlini, Luigi"]
[Result "1-0"]
[WhiteElo "1700"]
[BlackElo "1486"]
[PlyCount "80"]
[EventDate "2007.09.14"]

1. d4 Nf6 2. Nf3 d5 3. Bf4 Nc6 4. e3 e6 5. Bb5 Bd7 6. O-O Nh5 7. Bg3 Nxg3 8.
fxg3 Bd6 9. Nc3 a6 10. Bd3 O-O 11. a3 h6 12. e4 dxe4 13. Nxe4 Be7 14. c4 Bc8
15. Bc2 Nb8 16. Ne5 Qe8 17. Ba4 c6 18. d5 exd5 19. cxd5 Bc5+ 20. Kh1 Bb6 21.
Nc4 Qxe4 22. Nxb6 Ra7 23. Nxc8 Rxc8 24. d6 Nd7 25. Bc2 Qe6 26. Bf5 Qe8 27. Re1
Qd8 28. Re7 b5 29. Qd4 Qb6 30. Qxb6 Nxb6 31. Rxa7 Rd8 32. d7 Kf8 33. Re1 g6 34.
Be4 Nxd7 35. Bxc6 Nf6 36. Rxa6 Rb8 37. Ra8 Rxa8 38. Bxa8 Nd7 39. Bc6 Nb6 40.
Bxb5 Kg7 1-0

[Event "XXVI Open Citta' di Cologno"]
[Site "Cologno Monzese ITA"]
[Date "2007.09.28"]
[Round "3"]
[White "Cartella, Giovanni"]
[Black "Borgni, Cristiano"]
[Result "1-0"]
[WhiteElo "1868"]
[BlackElo "1817"]
[PlyCount "73"]
[EventDate "2007.09.14"]

1. d4 d5 2. Nf3 Nf6 3. Bg5 Ne4 4. Bf4 Nc6 5. e3 g6 6. Nbd2 Nxd2 7. Qxd2 Bg7 8.
c3 O-O 9. h4 h5 10. Bd3 Bg4 11. Nh2 Be6 12. Qe2 Qd7 13. Rg1 Rac8 14. g4 hxg4
15. Nxg4 Bxg4 16. Rxg4 e5 17. dxe5 Nxe5 18. Bxe5 Bxe5 19. h5 Bg7 20. hxg6 fxg6
21. Rxg6 Qh3 22. O-O-O c5 23. Rdg1 Rc7 24. R6g3 Qh6 25. Qg4 Rxf2 26. Rh3 Qf6
27. Qh5 Kf8 28. Qxd5 Ke8 29. Bb5+ Rc6 30. Rd1 Qg6 31. Bxc6+ Qxc6 32. Qd8+ Kf7
33. Rd7+ Ke6 34. Qe7+ Kf5 35. Rh5+ Kg4 36. Qg5+ Kf3 37. Qf4+ 1-0

[Event "XXVI Open Citta' di Cologno"]
[Site "Cologno Monzese ITA"]
[Date "2007.09.28"]
[Round "3"]
[White "Mandelli, Fabio"]
[Black "Galli, Giuliano"]
[Result "1/2-1/2"]
[WhiteElo "1543"]
[BlackElo "1463"]
[PlyCount "41"]
[EventDate "2007.09.14"]

1. c4 c5 2. Nc3 e6 3. g3 d5 4. cxd5 exd5 5. d4 Nc6 6. Nf3 Nf6 7. Bg2 Be7 8. O-O
O-O 9. Bg5 Be6 10. Rc1 cxd4 11. Nxd4 Nxd4 12. Qxd4 Qa5 13. a3 Rfd8 14. e3 Rd7
15. Rfd1 Rad8 16. Ne2 h6 17. Bxf6 Bxf6 18. Qd2 Qxd2 19. Rxd2 b6 20. Nd4 Bxd4
21. exd4 1/2-1/2

[Event "XXVI Open Citta' di Cologno"]
[Site "Cologno Monzese ITA"]
[Date "2007.10.05"]
[Round "4"]
[White "Bernago, Federico"]
[Black "Cartella, Giovanni"]
[Result "1/2-1/2"]
[WhiteElo "1994"]
[BlackElo "1868"]
[PlyCount "53"]
[EventDate "2007.09.14"]

1. e4 c5 2. Nf3 d6 3. d3 Nf6 4. g3 Nc6 5. Bg2 Bg4 6. h3 Bd7 7. O-O g6 8. Re1 e5
9. c3 Bg7 10. d4 O-O 11. d5 Ne7 12. Nbd2 b5 13. Nf1 Nc8 14. N3h2 Nb6 15. g4 h5
16. Bg5 Qc8 17. Bxf6 Bxf6 18. Qf3 Kg7 19. gxh5 Rh8 20. Ng3 Bh4 21. Ng4 Qd8 22.
h6+ Kf8 23. Nf1 Bxg4 24. Qxg4 Rxh6 25. Ng3 Bg5 26. Ne2 Rh4 27. Qg3 1/2-1/2

[Event "XXVI Open Citta' di Cologno"]
[Site "Cologno Monzese ITA"]
[Date "2007.10.05"]
[Round "4"]
[White "Casartelli, Fabio"]
[Black "Borgni, Fiorenzo"]
[Result "1-0"]
[WhiteElo "1916"]
[BlackElo "1700"]
[PlyCount "35"]
[EventDate "2007.09.14"]

1. e4 e5 2. Nf3 Nc6 3. Bc4 Nf6 4. O-O d5 5. exd5 Nxd5 6. Re1 Bg4 7. h3 Bh5 8.
g4 Qd7 9. Nxe5 Nxe5 10. Rxe5+ Ne7 11. Rxh5 O-O-O 12. Nc3 Ng6 13. Ne2 Bd6 14. d4
f6 15. Bd3 Kb8 16. c4 Bb4 17. a3 Ba5 18. Rxa5 1-0

[Event "XXVI Open Citta' di Cologno"]
[Site "Cologno Monzese ITA"]
[Date "2007.10.05"]
[Round "4"]
[White "Galli, Giuliano"]
[Black "Montagner, Enzo"]
[Result "1/2-1/2"]
[WhiteElo "1463"]
[BlackElo "1438"]
[PlyCount "52"]
[EventDate "2007.09.14"]

1. e4 c5 2. Nf3 Nc6 3. d4 cxd4 4. Nxd4 d6 5. Bb5 Bd7 6. Bxc6 bxc6 7. O-O g6 8.
Be3 Bg7 9. Nc3 c5 10. Nde2 Nf6 11. f3 O-O 12. Qd2 Re8 13. Rab1 Be6 14. Rfd1 Rb8
15. b3 a5 16. Nf4 Bc8 17. Qf2 Qb6 18. Ncd5 Qa7 19. Nxf6+ Bxf6 20. Kh1 Bg7 21.
h4 f5 22. exf5 Bxf5 23. Nd3 e5 24. Nb2 Qe7 25. Bg5 Qe6 26. Nc4 Bf8 1/2-1/2

[Event "XXVI Open Citta' di Cologno"]
[Site "Cologno Monzese ITA"]
[Date "2007.10.05"]
[Round "4"]
[White "Gara', Giovanni"]
[Black "Cani, Gazmir"]
[Result "0-1"]
[WhiteElo "1467"]
[BlackElo "1452"]
[PlyCount "88"]
[EventDate "2007.09.14"]

1. d4 Nf6 2. c4 e6 3. Nc3 c5 4. d5 exd5 5. cxd5 g6 6. e4 d6 7. Bd3 Bg7 8. Nge2
O-O 9. O-O Nbd7 10. Rb1 Ne5 11. f3 Qa5 12. Kh1 Nh5 13. Nf4 Nxf4 14. Bxf4 f5 15.
a3 a6 16. Qd2 b5 17. Rbd1 Qd8 18. Bg3 Nxd3 19. Qxd3 f4 20. Bf2 Be5 21. b4 Qf6
22. Rc1 c4 23. Qd2 Bd7 24. Rfd1 Rfc8 25. Bd4 Bxd4 26. Qxd4 Qxd4 27. Rxd4 Kf7
28. Rdd1 a5 29. g3 fxg3 30. hxg3 Kg7 31. Kg2 axb4 32. axb4 Ra3 33. f4 Rb3 34.
e5 Rb2+ 35. Kf3 dxe5 36. fxe5 Rf8+ 37. Ke4 Rxb4 38. e6 Re8 39. Kd4 Bxe6 40.
dxe6 Rb2 41. Nxb5 Rxb5 42. Kxc4 Re5 43. Rd7+ Kf6 44. Rxh7 Rc8+ 0-1

[Event "XXVI Open Citta' di Cologno"]
[Site "Cologno Monzese ITA"]
[Date "2007.10.12"]
[Round "5"]
[White "Cartella, Giovanni"]
[Black "Cani, Gazmir"]
[Result "0-1"]
[WhiteElo "1868"]
[BlackElo "1452"]
[PlyCount "76"]
[EventDate "2007.09.14"]

1. d4 Nf6 2. Nf3 d5 3. Bg5 Ne4 4. Bh4 c5 5. c3 cxd4 6. Nxd4 Qb6 7. Qc1 e5 8.
Nb3 Be7 9. Bg3 Nc6 10. e3 Bf5 11. N1d2 Nxg3 12. hxg3 Rc8 13. Qd1 h6 14. Nf3 Rd8
15. Nh4 Be6 16. Nf3 a5 17. Qe2 a4 18. Nc1 d4 19. exd4 exd4 20. Qb5 Qxb5 21.
Bxb5 a3 22. bxa3 dxc3 23. Nb3 O-O 24. O-O Bxa3 25. Bxc6 bxc6 26. Nbd4 Bc4 27.
Rfe1 c5 28. Nc2 Bb2 29. Rad1 Rxd1 30. Rxd1 Be2 31. Rd5 c4 32. Nfd4 Bd3 33. a4
Ra8 34. a5 Bc1 35. Ne1 Bd2 36. Nxd3 cxd3 37. Nb3 Rb8 38. Nxd2 cxd2 0-1

[Event "XXVI Open Citta' di Cologno"]
[Site "Cologno Monzese ITA"]
[Date "2007.10.12"]
[Round "5"]
[White "Casartelli, Fabio"]
[Black "Bernago, Federico"]
[Result "0-1"]
[WhiteElo "1916"]
[BlackElo "1994"]
[PlyCount "114"]
[EventDate "2007.09.14"]

1. d4 Nf6 2. Bg5 g6 3. Nd2 Bg7 4. e4 d6 5. Be2 Nbd7 6. Ngf3 e5 7. O-O O-O 8. c3
h6 9. Bh4 Re8 10. d5 Nf8 11. Bb5 Bd7 12. Qa4 a6 13. Bxd7 Qxd7 14. Qxd7 N8xd7
15. b4 Nh5 16. Rfe1 f5 17. h3 f4 18. g4 fxg3 19. Bxg3 Nf4 20. Bxf4 exf4 21.
Rac1 g5 22. c4 a5 23. c5 axb4 24. cxd6 cxd6 25. Rc7 Nc5 26. e5 Nd3 27. Rb1 Bxe5
28. Nc4 Rec8 29. Rxc8+ Rxc8 30. Ncxe5 dxe5 31. Rb3 Rc3 32. Kf1 Rxb3 33. axb3
Kf7 34. Ke2 Nc1+ 35. Kd1 Nxb3 36. Nxe5+ Ke7 37. Nd3 Kd6 38. Nxb4 Kc5 39. Nd3+
Kxd5 40. h4 Ke4 41. hxg5 hxg5 42. Ne1 Nd4 43. Kc1 g4 44. Kd1 b6 45. Kc1 g3 46.
fxg3 fxg3 47. Ng2 Kf3 48. Nh4+ Kf2 49. Kb2 g2 50. Nxg2 Kxg2 51. Kc3 Nb5+ 52.
Kc4 Nd6+ 53. Kd5 b5 54. Kc5 Kf3 55. Kd5 Ke3 56. Kc5 Kd3 57. Kb4 Kd4 0-1

[Event "XXVI Open Citta' di Cologno"]
[Site "Cologno Monzese ITA"]
[Date "2007.10.12"]
[Round "5"]
[White "D'Angelo, Dino"]
[Black "Galli, Giuliano"]
[Result "1-0"]
[WhiteElo "1365"]
[BlackElo "1463"]
[PlyCount "87"]
[EventDate "2007.09.14"]

1. e4 e6 2. d3 d5 3. Nd2 c5 4. Ngf3 Nc6 5. g3 Nf6 6. Qe2 Be7 7. Bg2 O-O 8. O-O
Qc7 9. Re1 Nd4 10. Nxd4 cxd4 11. exd5 Bc5 12. a3 exd5 13. Nb3 Bb6 14. Bg5 Be6
15. Bxf6 gxf6 16. Rac1 Rae8 17. Qh5 Kh8 18. Bxd5 Bxd5 19. Qxd5 Rxe1+ 20. Rxe1
Qxc2 21. Re7 Kg7 22. Nxd4 Bxd4 23. Qxd4 Qc1+ 24. Kg2 Qc6+ 25. Qe4 f5 26. Qxc6
bxc6 27. Rxa7 Rd8 28. Rc7 Rxd3 29. Rxc6 Rb3 30. Rc2 Kf6 31. Kf1 Ke5 32. Ke1 f4
33. Re2+ Kf5 34. Kd1 fxg3 35. hxg3 h5 36. Kc2 Rf3 37. Kb1 Kg4 38. Ka2 f5 39. b4
f4 40. b5 fxg3 41. fxg3 Kxg3 42. b6 Rf8 43. a4 h4 44. a5 1-0

[Event "XXVI Open Citta' di Cologno"]
[Site "Cologno Monzese ITA"]
[Date "2007.10.12"]
[Round "5"]
[White "Fornari, Sergio"]
[Black "Merlini, Luigi"]
[Result "1-0"]
[WhiteElo "1418"]
[BlackElo "1486"]
[PlyCount "43"]
[EventDate "2007.09.14"]

1. d4 Nf6 2. Bg5 e6 3. Nd2 Be7 4. e3 d5 5. Ngf3 O-O 6. Bd3 Nbd7 7. Qe2 c5 8. c3
c4 9. Bc2 h6 10. Bxf6 Nxf6 11. e4 dxe4 12. Nxe4 Nxe4 13. Qxe4 f5 14. Qe2 b5 15.
Ne5 Qe8 16. g4 Bf6 17. O-O-O Bxe5 18. Qxe5 Bb7 19. Rhg1 Bf3 20. gxf5 Rf7 21.
fxe6 Re7 22. Qf5 1-0

[Event "XXVI Open Citta' di Cologno"]
[Site "Cologno Monzese ITA"]
[Date "2007.10.12"]
[Round "5"]
[White "Petetta, Roberto"]
[Black "Gara', Giovanni"]
[Result "1-0"]
[WhiteElo "1685"]
[BlackElo "1467"]
[PlyCount "51"]
[EventDate "2007.09.14"]

1. e4 e6 2. d4 d5 3. exd5 exd5 4. Bd3 Nf6 5. Ne2 Bd6 6. Bg5 Be6 7. O-O O-O 8.
c3 Nbd7 9. Qc2 h6 10. Bh4 c6 11. f4 Bg4 12. Ng3 Qc7 13. Qf2 c5 14. Nf5 Bxf5 15.
Bxf5 cxd4 16. cxd4 Ne4 17. Qf3 Ndf6 18. Nc3 Nd2 19. Qf2 Nxf1 20. Bxf6 Ne3 21.
Nb5 Qb6 22. Qxe3 gxf6 23. Qg3+ Kh8 24. Qh4 Rfc8 25. Qxh6+ Kg8 26. Bh7+ 1-0